000 00626nam a2200241 a 4500
001 nice12345678
003 IN_TiNIC
005 20260116011315.0
008 050524s1967 bana grp 000 0 eng
020 _a
_c100
082 0 0 _a291.172
_bSIN
100 _aSingh Jai, Herbert
245 _aInter Religious Dialogue.
260 _aBangalore
_bChristian Instt.For Study of Religion
_c1967
300 _a237p
500 _aincludes index and biblioraphy
505 2 _aSocial Concerns Series No.11
650 _aInterfaith Dialogue
700 1 _aSingh Jai, Herbert
902 _bSRS
942 _cBK
999 _c368
_d368